Jornadas de Comunicaciones Técnico-Científicas. Año 1983 : resúmenes de trabajos de investigación y desarrollo.
Guardado en:
| Autor Corporativo: | |
|---|---|
| Formato: | Libro |
| Idioma: | Spanish |
| Publicado: |
Santa Fe :
Universidad Nacional del Litoral,
1983.
|
| Etiquetas: |
Agregar Etiqueta
Sin Etiquetas, Sea el primero en etiquetar este registro!
|
| LEADER | 00578nam a22001455a 4500 | ||
|---|---|---|---|
| 001 | EEA.libagro003262 | ||
| 005 | 20190613110158.0 | ||
| 008 | 130809s1983####ag############100#0#spa#d | ||
| 082 | 0 | 4 | |a 507.2 |
| 082 | 0 | 4 | |a 507.2082 |
| 111 | 2 | |a Jornadas de Comunicaciones Técnico-Científicas |d (1983 : |c Santa Fe) | |
| 245 | 1 | 0 | |a Jornadas de Comunicaciones Técnico-Científicas. Año 1983 : |b resúmenes de trabajos de investigación y desarrollo. |
| 260 | |a Santa Fe : |b Universidad Nacional del Litoral, |c 1983. | ||
| 300 | |a 275 p. ; |c 23 cm. | ||
| 859 | |a AR-BbBCA |b BIB. AGRONOMIA |h R507.2 |i Sa332 1983 |p 1983/0008 | ||
